[Event "OSREDNJA SLOVENSKA LIGA 2024"]
[Site "Gostovanja"]
[Date "2024.10.10"]
[Round "5.1"]
[White "Srebrnic, Vojko"]
[Black "Lucovnik, Tilen"]
[Result "1/2-1/2"]
[WhiteElo "2074"]
[BlackElo "2169"]
[PlyCount "48"]
[EventDate "2024.09.12"]
[WhiteTeam "SK Ljubljana"]
[BlackTeam "SK Komenda Popotnik"]

1. Nf3 d5 2. g3 Nf6 3. Bg2 c5 4. c4 e6 5. cxd5 Nxd5 6. Nc3 Nc6 7. O-O Be7 8. d4
Nxd4 9. Nxd4 Nxc3 10. bxc3 cxd4 11. cxd4 O-O 12. Rb1 Bf6 13. e3 Rb8 14. a4 b6
15. Ba3 Be7 16. Qb3 Bb7 17. Bxb7 Rxb7 18. Rfc1 Bxa3 19. Qxa3 Rc7 20. Rxc7 Qxc7
21. Rc1 Qd7 22. a5 Rc8 23. axb6 Rxc1+ 24. Qxc1 axb6 1/2-1/2

[Event "OSREDNJA SLOVENSKA LIGA 2024"]
[Site "Gostovanja"]
[Date "2024.10.10"]
[Round "5.1"]
[White "Zidar, Jernej"]
[Black "Persl, Bojan"]
[Result "1-0"]
[WhiteElo "2055"]
[BlackElo "2040"]
[PlyCount "65"]
[EventDate "2024.09.12"]
[WhiteTeam "SK Komenda Popotnik"]
[BlackTeam "SK Ljubljana"]

1. d4 Nf6 2. c4 g6 3. Nc3 d5 4. Nf3 Bg7 5. g3 O-O 6. Bg2 c6 7. O-O Nbd7 8. cxd5
Nxd5 9. e4 Nxc3 10. bxc3 Nb6 11. Qc2 Be6 12. Bf4 h6 13. a4 g5 14. Bxg5 hxg5 15.
Nxg5 Bc4 16. e5 f5 17. exf6 Rxf6 18. Qh7+ Kf8 19. Rfe1 Bg8 20. Qh5 Qe8 21. Qg4
Qg6 22. Be4 Qh6 23. h4 Rd8 24. Rab1 Nxa4 25. Rxb7 Nxc3 26. Bf5 Nd5 27. Be6 Bxe6
28. Nxe6+ Rxe6 29. Rxe6 Qc1+ 30. Kg2 Qc2 31. h5 Rd6 32. h6 Bxh6 33. Rb8+ 1-0

[Event "OSREDNJA SLOVENSKA LIGA 2024"]
[Site "Gostovanja"]
[Date "2024.10.10"]
[Round "5.1"]
[White "Markus, David"]
[Black "Debeljak, Jaka"]
[Result "1-0"]
[WhiteElo "1771"]
[BlackElo "1817"]
[PlyCount "92"]
[EventDate "2024.09.12"]
[WhiteTeam "SK Ljubljana"]
[BlackTeam "SK Komenda Popotnik"]

1. d4 Nf6 2. Bf4 d5 3. e3 c5 4. c3 Qb6 5. Qb3 c4 6. Qxb6 axb6 7. Nd2 Bf5 8.
Ngf3 h6 9. h3 g5 10. Bh2 Nc6 11. a3 b5 12. Ne5 e6 13. Rc1 Ne4 14. Nxe4 Bxe4 15.
f3 Bh7 16. Be2 Na5 17. Bd1 f6 18. Ng4 Kf7 19. Nxf6 Bd3 20. Nd7 Nc6 21. Ne5+
Nxe5 22. Bxe5 Bg7 23. Bxg7 Kxg7 24. Bc2 Bxc2 25. Rxc2 Kf6 26. e4 e5 27. dxe5+
Kxe5 28. exd5 Kxd5 29. Kf2 Kc6 30. Re1 Rad8 31. Re6+ Rd6 32. Rce2 Rhd8 33. Kg3
h5 34. h4 Rg8 35. hxg5 Rxg5+ 36. Kf4 Rg7 37. Rxd6+ Kxd6 38. g3 Rf7+ 39. Ke3 Ke5
40. f4+ Kf5 41. Kf3 Rd7 42. Re5+ Kg6 43. Rxb5 Rd3+ 44. Kg2 Rd2+ 45. Kh3 h4 46.
Kxh4 Rh2+ 1-0

[Event "OSREDNJA SLOVENSKA LIGA 2024"]
[Site "Gostovanja"]
[Date "2024.10.10"]
[Round "5.1"]
[White "Cimperman, Teo"]
[Black "Jaksa, Ema"]
[Result "0-1"]
[WhiteElo "1702"]
[BlackElo "1551"]
[PlyCount "138"]
[EventDate "2024.09.12"]
[WhiteTeam "SK Komenda Popotnik"]
[BlackTeam "SK Ljubljana"]

1. e4 e5 2. Nf3 Nc6 3. Bc4 Nf6 4. Ng5 d5 5. exd5 b5 6. Bxb5 Qxd5 7. Bxc6+ Qxc6
8. O-O Bb7 9. Nf3 Bd6 10. d3 h6 11. Re1 g5 12. h3 O-O-O 13. Nc3 Nh5 14. Ne4 f5
15. Nxd6+ cxd6 16. Kh2 g4 17. hxg4 fxg4 18. Nh4 Rdg8 19. g3 Nf6 20. Qd2 Kb8 21.
Qc3 Qd7 22. Be3 Rg5 23. Qa5 Bf3 24. Qb4+ Ka8 25. Rh1 Rh5 26. c4 Rxh4+ 27. gxh4
g3+ 28. fxg3 Ng4+ 29. Kg1 Bxh1 30. Qd2 Nxe3 31. Qxe3 Bb7 32. Kh2 Qc6 33. Qe2
Rf8 34. b4 Qf3 35. Qxf3 Rxf3 36. g4 Rxd3 37. Rf1 Rf3 38. Rd1 Rf6 39. Kg3 Re6
40. g5 hxg5 41. hxg5 e4 42. Kf4 e3 43. Kf5 e2 44. Re1 Bc8 45. g6 Re3+ 46. Kf4
Re6 47. Kf5 Re3+ 48. Kf4 Re5 49. c5 Rf5+ 50. Ke4 Rg5 51. cxd6 Rxg6 52. Kd5 Bb7+
53. Ke5 Bc8 54. Kd5 Bg4 55. Kc6 Kb8 56. Kc5 Kc8 57. Rh1 Bh5 58. b5 Re6 59. Re1
Rf6 60. Rg1 Rf1 61. Rg8+ Kd7 62. Rg7+ Kd8 63. Rg8+ Be8 64. d7 Kxd7 65. Rg7+ Kd8
66. Rxa7 e1=Q 67. Ra8+ Ke7 68. b6 Qc1+ 69. Kd5 Qc6+ 0-1

[Event "OSREDNJA SLOVENSKA LIGA 2024"]
[Site "Gostovanja"]
[Date "2024.10.10"]
[Round "5.2"]
[White "Plaskan, Jure"]
[Black "Siraj, Anej"]
[Result "1-0"]
[WhiteElo "2239"]
[BlackElo "2075"]
[PlyCount "77"]
[EventDate "2024.09.12"]
[WhiteTeam "SD Domzale"]
[BlackTeam "SD Vrhnika"]

1. e4 e5 2. Nf3 Nc6 3. Bb5 g6 4. c3 a6 5. Ba4 b5 6. Bc2 Bg7 7. O-O d6 8. a4 Rb8
9. h3 Nf6 10. d4 exd4 11. cxd4 O-O 12. Nc3 Re8 13. axb5 axb5 14. d5 Nb4 15. Bb1
c5 16. dxc6 Nxc6 17. Re1 b4 18. Nd5 Nxd5 19. Qxd5 Ne7 20. Qd3 Bb7 21. Ba2 d5
22. e5 Qa5 23. Bf4 Rbc8 24. Bb3 Qd8 25. Ra7 Ba8 26. Nd4 Nc6 27. Rxa8 Rxa8 28.
Nxc6 Qd7 29. Bxd5 Rac8 30. Qf3 Qf5 31. g4 Qd7 32. Nxb4 Qb5 33. Nc6 Bf8 34. e6
fxe6 35. Rxe6 Kh8 36. Be5+ Bg7 37. Bxg7+ Kxg7 38. Qf6+ Kg8 39. Rxe8# 1-0

[Event "OSREDNJA SLOVENSKA LIGA 2024"]
[Site "Gostovanja"]
[Date "2024.10.10"]
[Round "5.2"]
[White "Siraj, Svit"]
[Black "Turek, Lan Timotej"]
[Result "1-0"]
[WhiteElo "2048"]
[BlackElo "2017"]
[PlyCount "133"]
[EventDate "2024.09.12"]
[WhiteTeam "SD Vrhnika"]
[BlackTeam "SD Domzale"]

1. e4 d6 2. d4 Nf6 3. Bd3 e5 4. c3 Nc6 5. Nf3 g6 6. O-O Bg7 7. h3 O-O 8. a4 a5
9. Na3 Nd7 10. Nb5 h6 11. Qb3 Na7 12. Nxa7 Rxa7 13. Be3 b6 14. Rad1 Qe7 15. Qa3
Bb7 16. dxe5 Nxe5 17. Nxe5 Qxe5 18. f4 Qe7 19. Rde1 Bf6 20. f5 g5 21. e5 dxe5
22. Qxe7 Bxe7 23. f6 Bc5 24. Bxc5 bxc5 25. Rxe5 Ba6 26. Bxa6 Rxa6 27. Rxc5 Rb8
28. Rb5 Rd8 29. Rff5 Re6 30. Rf2 Rd1+ 31. Kh2 Ree1 32. Rxa5 Rh1+ 33. Kg3 Rd3+
34. Rf3 Rd2 35. Re5 Rxb2 36. Re8+ Kh7 37. Rf8 Kg6 38. Rg8+ Kh5 39. Rg7 Rc1 40.
Rxf7 Rcc2 41. Re3 Rxg2+ 42. Kf3 Kg6 43. Rxc7 Kxf6 44. Ke4 Ra2 45. Rc6+ Kf7 46.
Ra6 g4 47. a5 h5 48. Ra8 Ra4+ 49. Kf5 Rf2+ 50. Kg5 gxh3 51. Ra7+ Kf8 52. Rxh3
Rg4+ 53. Kxh5 Rfg2 54. Kh6 Rg6+ 55. Kh7 Ke8 56. a6 R6g4 57. Rb7 Kf8 58. Rf3+
Ke8 59. Rf6 Rh4+ 60. Rh6 Ra4 61. a7 Rga2 62. Rg6 Rh2+ 63. Kg8 Rha2 64. Rgg7 Rd2
65. Rb8+ Rd8 66. Rxd8+ Kxd8 67. Rb7 1-0

[Event "OSREDNJA SLOVENSKA LIGA 2024"]
[Site "Gostovanja"]
[Date "2024.10.10"]
[Round "5.2"]
[White "Skube, Zan"]
[Black "Zlindra, Aljaz"]
[Result "1/2-1/2"]
[WhiteElo "1719"]
[BlackElo "1851"]
[PlyCount "117"]
[EventDate "2024.09.12"]
[WhiteTeam "SD Domzale"]
[BlackTeam "SD Vrhnika"]

1. e4 c6 2. d4 d5 3. f3 dxe4 4. fxe4 e5 5. Nf3 Bg4 6. Bc4 Nd7 7. O-O Ngf6 8. c3
Bd6 9. Bg5 O-O 10. Nbd2 Qc7 11. Qe1 h6 12. Bh4 Rae8 13. h3 Bh5 14. Bd3 Bg6 15.
Nc4 exd4 16. Nxd6 Qxd6 17. Bxf6 gxf6 18. cxd4 f5 19. e5 Nxe5 20. dxe5 Qxd3 21.
Qh4 Kh7 22. Kh1 Rd8 23. e6 Rde8 24. e7 Rg8 25. Rad1 Qe2 26. Rfe1 Qxb2 27. Ne5
Bh5 28. g4 Bg6 29. Nc4 Qb4 30. Nd6 fxg4 31. Qxg4 Qxg4 32. hxg4 f6 33. Nxe8 Rxe8
34. Rd7 b5 35. Rxa7 Bf7 36. Kg2 Kg6 37. Kg3 Bc4 38. a3 Kf7 39. Kh4 Be6 40. Kh5
Rxe7 41. Rxe7+ Kxe7 42. Kxh6 Kf7 43. Kh5 Bd5 44. Rf1 Kg7 45. Kh4 Kg6 46. Kg3
Be6 47. Kf4 Bd5 48. Rd1 Kf7 49. Rd2 Kg6 50. Rh2 Kg7 51. Kf5 Bc4 52. Rh3 Bf1 53.
Rc3 Bg2 54. Ke6 Kg6 55. Rc5 Bd5+ 56. Rxd5 cxd5 57. Kxd5 Kg5 58. Ke6 Kg6 59. Kd5
1/2-1/2

[Event "OSREDNJA SLOVENSKA LIGA 2024"]
[Site "Gostovanja"]
[Date "2024.10.10"]
[Round "5.3"]
[White "Ribicic, Marko"]
[Black "Veskovic, Dzemal"]
[Result "1/2-1/2"]
[WhiteElo "1844"]
[BlackElo "1895"]
[PlyCount "33"]
[EventDate "2024.09.12"]
[WhiteTeam "Zelenci LPP"]
[BlackTeam "SD Menges - Trzin"]

1. e4 e6 2. Nf3 d6 3. d4 Be7 4. Bf4 a6 5. Nbd2 Nd7 6. Bd3 b5 7. c4 c6 8. Rc1
Bb7 9. O-O Ngf6 10. Re1 O-O 11. a4 b4 12. b3 a5 13. Qc2 g6 14. h3 c5 15. e5
dxe5 16. dxe5 Nxe5 17. Bh6 {nejasno (34)} 1/2-1/2

[Event "OSREDNJA SLOVENSKA LIGA 2024"]
[Site "Gostovanja"]
[Date "2024.10.10"]
[Round "5.3"]
[White "Sedlar, Tomo"]
[Black "Novakovic, Gosto"]
[Result "1/2-1/2"]
[WhiteElo "1871"]
[BlackElo "1789"]
[PlyCount "33"]
[EventDate "2024.09.12"]
[WhiteTeam "SD Menges - Trzin"]
[BlackTeam "Zelenci LPP"]

1. d4 d5 2. c4 g6 3. Nc3 dxc4 4. e3 Bg7 5. Bxc4 Nf6 6. Nf3 O-O 7. O-O Bg4 8. h3
Bd7 9. b3 c6 10. Ba3 Qa5 11. Bb2 Qh5 12. Be2 g5 13. Ne5 Qh4 14. f4 Bxh3 15.
gxh3 Qg3+ 16. Kh1 Qxh3+ 17. Kg1 1/2-1/2

[Event "OSREDNJA SLOVENSKA LIGA 2024"]
[Site "Gostovanja"]
[Date "2024.10.10"]
[Round "5.3"]
[White "Becic, Semso"]
[Black "Simicak, Metod"]
[Result "1-0"]
[WhiteElo "1747"]
[BlackElo "1858"]
[PlyCount "65"]
[EventDate "2024.09.12"]
[WhiteTeam "Zelenci LPP"]
[BlackTeam "SD Menges - Trzin"]

1. e4 e5 2. Bc4 c6 3. c3 Nf6 4. d3 d5 5. exd5 cxd5 6. Bb3 h6 7. h3 Bd6 8. Ne2
O-O 9. O-O a5 10. Nd2 b5 11. c4 dxc4 12. dxc4 b4 13. Bc2 Bb7 14. Ng3 Qc7 15.
Qe2 Nc6 16. Nf3 Rfe8 17. Ne4 Nxe4 18. Qxe4 Kf8 19. Qh7 Nd8 20. Nh4 Bc8 21. Qh8+
Ke7 22. Qxg7 Qxc4 23. Ng6+ Kd7 24. Bb3 Qc5 25. Ba4+ Nc6 26. Be3 Qd5 27. Rad1
Qxa2 28. b3 Kc7 29. Qxf7+ Bd7 30. Rd2 Qa3 31. Bc5 Re6 32. Rfd1 Rae8 33. Bxd6+
1-0

[Event "OSREDNJA SLOVENSKA LIGA 2024"]
[Site "Gostovanja"]
[Date "2024.10.10"]
[Round "5.3"]
[White "Ocepek, Marjan"]
[Black "Levacic, Matic"]
[Result "0-1"]
[WhiteElo "1758"]
[BlackElo "1614"]
[PlyCount "70"]
[EventDate "2024.09.12"]
[WhiteTeam "SD Menges - Trzin"]
[BlackTeam "Zelenci LPP"]

1. d4 d5 2. Nf3 Nf6 3. g3 g6 4. Bg2 Bg7 5. O-O O-O 6. b3 Bf5 7. Nh4 Bd7 8. c4
e6 9. Nc3 Bc6 10. c5 Ne4 11. Bb2 Na6 12. f4 Nxc3 13. Bxc3 Nxc5 14. Bb4 Ne4 15.
Bxf8 Nc3 16. Qc2 Nxe2+ 17. Kh1 Nxd4 18. Qf2 Qxf8 19. Rad1 Bb5 20. Rfe1 c5 21.
g4 Qd6 22. f5 Be5 23. Nf3 Nxf3 24. Bxf3 Bc3 25. Rg1 Bd4 26. Rxd4 cxd4 27. Qxd4
Rc8 28. a4 e5 29. Qxa7 e4 30. Bd1 Bc6 31. Qe3 b6 32. Rg3 Qc5 33. Qd2 d4 34. Qh6
e3+ 35. Rf3 Qc1 0-1

[Event "OSREDNJA SLOVENSKA LIGA 2024"]
[Site "Gostovanja"]
[Date "2024.10.10"]
[Round "5.4"]
[White "Markoja Jeraj, Sebastijan"]
[Black "Bohorc, Edo"]
[Result "1-0"]
[WhiteElo "2227"]
[BlackElo "2007"]
[PlyCount "29"]
[EventDate "2024.09.12"]
[WhiteTeam "SK Dol pri Ljubljani"]
[BlackTeam "SD Crni graben"]

1. e4 e6 2. d4 d5 3. Nd2 dxe4 4. Nxe4 Be7 5. Nf3 Nd7 6. Bd3 Ngf6 7. Nxf6+ Bxf6
8. Qe2 O-O 9. h4 g6 10. h5 Re8 11. Ne5 Nf8 12. hxg6 hxg6 13. Qf3 c5 14. Bg5 Kg7
15. Rh3 1-0

[Event "OSREDNJA SLOVENSKA LIGA 2024"]
[Site "Gostovanja"]
[Date "2024.10.10"]
[Round "5.4"]
[White "Hribar, Janez"]
[Black "Kampus, Iva"]
[Result "1/2-1/2"]
[WhiteElo "1907"]
[BlackElo "1592"]
[PlyCount "33"]
[EventDate "2024.09.12"]
[WhiteTeam "SD Crni graben"]
[BlackTeam "SK Dol pri Ljubljani"]

1. d4 d5 2. Nf3 Nf6 3. Bf4 e6 4. e3 Be7 5. Nbd2 O-O 6. Bd3 b6 7. Qe2 Bb7 8. Ne5
Nbd7 9. h4 c5 10. c3 Ne4 11. Ndf3 f5 12. Nxd7 Qxd7 13. Ne5 Qd8 14. g3 a6 15. f3
Nd6 16. h5 Bf6 17. Qh2 1/2-1/2

[Event "OSREDNJA SLOVENSKA LIGA 2024"]
[Site "Gostovanja"]
[Date "2024.10.10"]
[Round "5.4"]
[White "Kampus, Vid"]
[Black "Majcen, Zoran"]
[Result "0-1"]
[WhiteElo "1434"]
[BlackElo "1888"]
[PlyCount "96"]
[EventDate "2024.09.12"]
[WhiteTeam "SK Dol pri Ljubljani"]
[BlackTeam "SD Crni graben"]

1. e4 e6 2. Nf3 d5 3. exd5 exd5 4. d4 Bd6 5. Bd3 Ne7 6. O-O Bf5 7. Re1 Bxd3 8.
Qxd3 c6 9. c4 dxc4 10. Qxc4 Nd7 11. Nc3 Nb6 12. Qd3 h6 13. Ne5 O-O 14. Qg3 Ng6
15. Qg4 Bxe5 16. dxe5 Re8 17. Bf4 Qh4 18. Qxh4 Nxh4 19. Ne4 Ng6 20. Bg3 Nc4 21.
Nd6 Nxd6 22. exd6 Rxe1+ 23. Rxe1 Rd8 24. h3 f5 25. Rd1 Kf7 26. h4 h5 27. f3 Ke6
28. Bf2 Rxd6 29. Re1+ Kf7 30. Bxa7 Nxh4 31. Bc5 Rd2 32. Re7+ Kf6 33. Rxb7 Nxg2
34. Bb4 Rc2 35. Bc3+ Ke6 36. Rxg7 Nh4 37. f4 Nf3+ 38. Kf1 Kd5 39. Rf7 Ke4 40.
Rc7 h4 41. Rxc6 Nh2+ 42. Kg1 Ng4 43. Rc7 Kf3 44. Re7 h3 45. Kh1 Rh2+ 46. Kg1
Rg2+ 47. Kf1 h2 48. Re3+ Nxe3+ 0-1

[Event "OSREDNJA SLOVENSKA LIGA 2024"]
[Site "Gostovanja"]
[Date "2024.10.10"]
[Round "5.5"]
[White "Coklin, Marko"]
[Black "Baric, Dusan"]
[Result "1-0"]
[WhiteElo "2055"]
[BlackElo "1957"]
[PlyCount "61"]
[EventDate "2024.09.12"]
[WhiteTeam "SK Trzin Buscotrade"]
[BlackTeam "SK Visnja gora - Sticna"]

1. d4 Nf6 2. c4 g6 3. Nc3 Bg7 4. e4 d6 5. f3 O-O 6. Be3 Nc6 7. Qd2 e5 8. Nge2
a6 9. d5 Ne7 10. g4 Ne8 11. Ng3 f5 12. gxf5 gxf5 13. Bg5 f4 14. Nh5 Nf6 15.
Nxg7 Kxg7 16. Bh4 Ng6 17. Bf2 Bd7 18. c5 Qe7 19. b4 Nh5 20. O-O-O a5 21. cxd6
cxd6 22. b5 a4 23. a3 Rfc8 24. Kb2 Kh8 25. Rc1 Qd8 26. Be2 Bh3 27. b6 Nf6 28.
Nb5 Ne8 29. Qb4 Rxc1 30. Rxc1 Bg2 31. Nc7 1-0

[Event "OSREDNJA SLOVENSKA LIGA 2024"]
[Site "Gostovanja"]
[Date "2024.10.10"]
[Round "5.5"]
[White "Pisek, Igor"]
[Black "Lah, Emil"]
[Result "0-1"]
[WhiteElo "1806"]
[BlackElo "1947"]
[PlyCount "120"]
[EventDate "2024.09.12"]
[WhiteTeam "SK Visnja gora - Sticna"]
[BlackTeam "SK Trzin Buscotrade"]

1. e4 c5 2. Nf3 d6 3. Nc3 Nf6 4. d3 e6 5. Bg5 Be7 6. Be2 Nc6 7. Qd2 a6 8. O-O
b5 9. a3 Bb7 10. a4 b4 11. Nd1 O-O 12. Ne3 h6 13. Bh4 a5 14. Rad1 Qc7 15. b3
Rad8 16. h3 d5 17. exd5 Nxd5 18. Nxd5 Rxd5 19. Bxe7 Qxe7 20. Qc1 Rfd8 21. Qa1
Nd4 22. Nxd4 Rxd4 23. Qc1 e5 24. Qe3 Qd6 25. f3 f5 26. Rde1 f4 27. Qf2 g5 28.
Rd1 Kh7 29. Qe1 Qb6 30. Qf2 R4d7 31. Rfe1 Qd6 32. Rf1 Kg7 33. Rfe1 Kf6 34. Rf1
Re7 35. Rfe1 Rc8 36. Rf1 Qd4 37. Qxd4 cxd4 38. Rd2 Rec7 39. Bd1 Bd5 40. Rff2
Be6 41. Kh2 Bf5 42. Rf1 h5 43. g3 fxg3+ 44. Kxg3 h4+ 45. Kg2 Be6 46. Re1 Bd5
47. Rde2 Re7 48. Rf2 Kf5 49. Kh2 Rf8 50. Rg1 Kg6 51. Kg2 Rf4 52. Kf1 Ref7 53.
Rg4 Rxg4 54. fxg4 Rxf2+ 55. Kxf2 e4 56. dxe4 Bxe4 57. Bf3 Bxc2 58. Bd5 Kf6 59.
Ke2 Ke5 60. Bc4 Kf4 0-1

[Event "OSREDNJA SLOVENSKA LIGA 2024"]
[Site "Gostovanja"]
[Date "2024.10.10"]
[Round "5.5"]
[White "Krupenko, Peter"]
[Black "Jancigaj, Saso Valentin"]
[Result "1/2-1/2"]
[WhiteElo "1946"]
[BlackElo "1770"]
[PlyCount "142"]
[EventDate "2024.09.12"]
[WhiteTeam "SK Trzin Buscotrade"]
[BlackTeam "SK Visnja gora - Sticna"]

1. d4 f5 2. Bg5 g6 3. e3 Bg7 4. c3 Nf6 5. Bxf6 Bxf6 6. h4 e6 7. h5 b6 8. hxg6
hxg6 9. Rxh8+ Bxh8 10. Qf3 Nc6 11. Qg3 Kf7 12. Nh3 Bf6 13. Be2 d6 14. Nd2 Ne7
15. Nf3 Qh8 16. O-O-O Bb7 17. Rh1 Kg7 18. Rh2 Bxf3 19. gxf3 Qg8 20. Ng5 Bxg5
21. Qxg5 Kf7 22. Rh6 Ke8 23. Qh4 Kd7 24. Rh7 Re8 25. Bb5+ c6 26. Bxc6+ Kxc6 27.
Rxe7 Rxe7 28. Qxe7 a5 29. Kc2 g5 30. a4 g4 31. b4 axb4 32. cxb4 Qc8 33. Kd3
gxf3 34. Qh4 Kc7 35. Qh7+ Kb8 36. Qe7 Qc6 37. Qd8+ Kb7 38. Qe7+ Ka8 39. Qxe6
Qxa4 40. Qc8+ Ka7 41. Qc7+ Ka8 42. Qc8+ Ka7 43. Qxf5 Qxb4 44. Qf7+ Kb8 45. Ke4
Qb1+ 46. Kxf3 b5 47. Qd7 b4 48. Qxd6+ Kb7 49. Kf4 b3 50. Qb4+ Kc8 51. d5 b2 52.
Qc5+ Kb8 53. Qb6+ Ka8 54. d6 Qc2 55. d7 Qc4+ 56. Kg3 Qg8+ 57. Kh2 Qh7+ 58. Kg3
Qg8+ 59. Kf3 Qd5+ 60. Kf4 Qf7+ 61. Kg3 Qg7+ 62. Kf3 Qf7+ 63. Kg3 Qg7+ 64. Kh3
Qh7+ 65. Kg3 Qg8+ 66. Kf3 Qf7+ 67. Kg3 Qg7+ 68. Kf4 Qf7+ 69. Ke5 Qh5+ 70. Ke4
Qh4+ 71. Kf3 Qh5+ 1/2-1/2

[Event "OSREDNJA SLOVENSKA LIGA 2024"]
[Site "Gostovanja"]
[Date "2024.10.10"]
[Round "5.6"]
[White "Butala, Marjan"]
[Black "Demsar, Maks"]
[Result "0-1"]
[WhiteElo "1940"]
[BlackElo "1958"]
[PlyCount "66"]
[EventDate "2024.09.12"]
[WhiteTeam "Drustvo KPSRD Karel Jeraj"]
[BlackTeam "Drustvo Tomo Zupan"]

1. e4 e5 2. Nf3 Nc6 3. Bb5 a6 4. Ba4 Nf6 5. O-O b5 6. Bb3 Bc5 7. Re1 d6 8. c3
O-O 9. d3 Bb6 10. Bg5 h6 11. Bh4 Be6 12. Nbd2 g5 13. Bg3 Qe8 14. Bc2 Rd8 15.
Nf1 Ne7 16. d4 Ng6 17. Qd2 Nh5 18. Rad1 Bg4 19. Ne3 Bxf3 20. gxf3 Ngf4 21. Nf5
Kh7 22. d5 Qd7 23. Kh1 Rg8 24. Rf1 Rg6 25. Rde1 Rdg8 26. Rg1 Nh3 27. Rg2 N5f4
28. Bd1 h5 29. Rf1 Nxg2 30. Kxg2 Nf4+ 31. Kh1 h4 32. Bxf4 gxf4 33. h3 Qd8 0-1

[Event "OSREDNJA SLOVENSKA LIGA 2024"]
[Site "Gostovanja"]
[Date "2024.10.10"]
[Round "5.6"]
[White "Mihajlovic, Patricija"]
[Black "Stimec, Marjan"]
[Result "0-1"]
[WhiteElo "1596"]
[BlackElo "1842"]
[PlyCount "116"]
[EventDate "2024.09.12"]
[WhiteTeam "Drustvo Tomo Zupan"]
[BlackTeam "Drustvo KPSRD Karel Jeraj"]

1. d4 d5 2. c4 e6 3. Nc3 c6 4. Nf3 Nf6 5. Bg5 Be7 6. e3 Nbd7 7. Bd3 h6 8. Bh4
dxc4 9. Bxc4 Nd5 10. Bxe7 Qxe7 11. O-O O-O 12. e4 Nxc3 13. bxc3 b5 14. Bd3 Bb7
15. e5 Rfd8 16. Qe2 a6 17. Qe4 Nf8 18. Qe3 Rdc8 19. Nd2 c5 20. Ne4 Bxe4 21.
Bxe4 Rab8 22. f4 cxd4 23. cxd4 Qb4 24. Rac1 Rc4 25. Rxc4 Qxc4 26. f5 exf5 27.
Bxf5 Rd8 28. Rd1 Ne6 29. Bxe6 fxe6 30. a3 a5 31. Qd3 Qd5 32. Qd2 a4 33. h3 Rc8
34. Qb4 Rc4 35. Qd6 Qxd6 36. exd6 Rc6 37. Rb1 Rxd6 38. Rxb5 Rxd4 39. Ra5 Kf7
40. Kf2 Kf6 41. Ke3 e5 42. Ra6+ Kg5 43. Ra5 Kf5 44. g4+ Kf6 45. Ra6+ Ke7 46.
Rg6 Kf7 47. Ra6 h5 48. g5 Rh4 49. g6+ Ke7 50. Kf3 Rxh3+ 51. Ke4 Rxa3 52. Kxe5
Re3+ 53. Kf5 a3 54. Kg5 Re5+ 55. Kf4 Re6 56. Ra7+ Kf6 57. Rxa3 Kxg6 58. Kg3 Kh6
0-1

[Event "OSREDNJA SLOVENSKA LIGA 2024"]
[Site "Gostovanja"]
[Date "2024.10.10"]
[Round "5.6"]
[White "Novakovic, Novica"]
[Black "Rogelj, Tomaz"]
[Result "1/2-1/2"]
[WhiteElo "1780"]
[BlackElo "1554"]
[PlyCount "53"]
[EventDate "2024.09.12"]
[WhiteTeam "Drustvo KPSRD Karel Jeraj"]
[BlackTeam "Drustvo Tomo Zupan"]

1. d4 Nf6 2. Bf4 d6 3. e3 g6 4. c3 Bg7 5. Bc4 O-O 6. Nf3 b6 7. h3 Bb7 8. Nbd2
Nbd7 9. O-O c5 10. Re1 Nh5 11. Bh2 Re8 12. Qb3 Rf8 13. Rad1 Nhf6 14. a3 d5 15.
Be2 c4 16. Qc2 b5 17. Ne5 Nxe5 18. Bxe5 Nd7 19. Bxg7 Kxg7 20. e4 e6 21. Bf3 Nb6
22. Nf1 Qh4 23. exd5 Bxd5 24. Bxd5 Nxd5 25. Qe4 Qf6 26. Ne3 Nf4 27. Ng4 1/2-1/2

[Event "OSREDNJA SLOVENSKA LIGA 2024"]
[Site "Gostovanja"]
[Date "2024.10.10"]
[Round "5.7"]
[White "Sajovic, Marko"]
[Black "Lanjscek, Miha"]
[Result "1-0"]
[WhiteElo "2190"]
[BlackElo "1857"]
[PlyCount "85"]
[EventDate "2024.09.12"]
[WhiteTeam "SK Medvode"]
[BlackTeam "SK Trzin"]

1. e4 c5 2. Nf3 d6 3. c3 Nf6 4. Be2 g6 5. O-O Bg7 6. Re1 O-O 7. Qc2 Qc7 8. d4
cxd4 9. Nxd4 a6 10. h3 Nc6 11. Be3 Nxd4 12. Bxd4 Be6 13. Nd2 Rab8 14. f4 b5 15.
Rac1 Rbc8 16. Bf3 Ne8 17. e5 Bh6 18. Qe4 Qd8 19. Rcd1 Nc7 20. Bg4 Bd5 21. Qe3
Ne6 22. Rf1 Rc6 23. exd6 exd6 24. Ne4 Nxd4 25. Qxd4 Bxe4 26. Qxe4 Rc4 27. Rd4
Qb6 28. Kh2 Bg7 29. Rxc4 bxc4 30. Qxc4 Qxb2 31. Qxa6 Bxc3 32. Qxd6 Ra8 33. Bf3
Rxa2 34. Qc7 Qb5 35. Rd1 Ba5 36. Qe7 Qf5 37. Rd4 Bd2 38. Rd8+ Kg7 39. Qf8+ Kf6
40. Rd6+ Qe6 41. Rxe6+ Kxe6 42. Qe8+ Kd6 43. Qe5+ 1-0

[Event "OSREDNJA SLOVENSKA LIGA 2024"]
[Site "Gostovanja"]
[Date "2024.10.10"]
[Round "5.7"]
[White "Konvalinka, Kostja"]
[Black "Jese, Janez"]
[Result "1-0"]
[WhiteElo "1766"]
[BlackElo "1801"]
[PlyCount "77"]
[EventDate "2024.09.12"]
[WhiteTeam "SK Trzin"]
[BlackTeam "SK Medvode"]

1. e4 e5 2. Nf3 Nc6 3. Bc4 Nf6 4. Ng5 d5 5. exd5 Na5 6. Bb5+ c6 7. dxc6 bxc6 8.
Be2 Bc5 9. d3 h6 10. Nf3 O-O 11. O-O Qd6 12. Nc3 Ba6 13. Be3 Bxe3 14. fxe3 Ng4
15. Ne4 Qe7 16. Qc1 f5 17. Nc3 e4 18. Nd4 exd3 19. Bxd3 Bxd3 20. cxd3 Nxe3 21.
Qe1 Rae8 22. Rf2 Qc5 23. Nce2 Ng4 24. Rc1 Qe5 25. Rf4 g5 26. h3 gxf4 27. hxg4
fxg4 28. Qh4 h5 29. b4 Nb7 30. Rxc6 Rf7 31. Rg6+ Rg7 32. Rh6 g3 33. Kf1 f3 34.
Rxh5 fxe2+ 35. Ke1 Qe3 36. Rh8+ Kf7 37. Qh5+ Rg6 38. Rh7+ Kf8 39. Qf5+ 1-0

[Event "OSREDNJA SLOVENSKA LIGA 2024"]
[Site "Gostovanja"]
[Date "2024.10.10"]
[Round "5.7"]
[White "Arcon, Roman"]
[Black "Banko, Franci"]
[Result "1-0"]
[WhiteElo "1713"]
[BlackElo "1624"]
[PlyCount "53"]
[EventDate "2024.09.12"]
[WhiteTeam "SK Medvode"]
[BlackTeam "SK Trzin"]

1. e4 c5 2. b4 b6 3. Bc4 e6 4. b5 Bb7 5. Nc3 d5 6. exd5 exd5 7. Qe2+ Be7 8. Bd3
Nf6 9. Nf3 O-O 10. O-O Re8 11. Qd1 d4 12. Ne2 Bxf3 13. gxf3 Qd5 14. Ng3 Nbd7
15. Be4 Nxe4 16. fxe4 Qe5 17. d3 c4 18. Rb1 cxd3 19. cxd3 Rac8 20. f4 Qb8 21.
e5 Qb7 22. Qg4 Nf8 23. f5 Rxc1 24. Rbxc1 f6 25. Nh5 Bd8 26. exf6 g6 27. fxg6
1-0